000 00374nam a2200133 i 4500
001 38331
003 ES-MaACL
007 t|
008 030225s1967 sp ||||1| spa d
245 0 0 _aCalendrier touristique
_b: Espagne 1967.
260 _aMadrid :
_bSubsecretaria de Turismo,
_c1967.
300 _a369 p. :
_bil., 50 lám. ;
_c23 cm.
852 _aES-MaACL
_j33741
_bR.64453
999 _c38331
_d38331